000 00853nam a2200277Ia 4500
003 OSt
005 20221005090026.0
006 a|||||r|||| 00| 0
007 ta
008 221004b |||||||| |||| 00| 0 eng d
024 _a42712
037 _cTextual
040 _aCRL
_cCRL
_beng
041 _2eng
_aeng
082 _aO111,1xL7, K4
100 _aCreeger George R Ed.
_9614753
110 _aGift from Prof Amitava Banerjee, London
245 0 _aSelected prose and poetry of the romantic period
260 _aNew York
_bHolt Rinehart and Winston USA
_c1964
300 _a554p.
_ccm.
650 _aENGLISH LITERATURE
700 _a Reed Joseph W Ed.
_9614754
700 _aGift from Prof Amitava Banerjee, London
942 _hO111,1xL7, K4
_cTEXL
_2cc
999 _c995118
_d995118